Szczegóły MARC21

Nauki pedagogiczne we współczesnej humnistyce /

005 -DATA I CZAS OSTATNIEJ MODYFIKACJI [,]
    • @
    • pole kontrolne
    • 20070315155141.9
020 -Międzynarod. znormalizowany nr książki - ISBN [ , ]
    • a
    • Numer ISBN
    • 8373221581 Find
040 -Instytucja sporządzająca opis [ , ]
    • a
    • Instytucja, która sporządziła opis (NP)
    • SZCZ U
    • c
    • Instytucja, która sporządziła rekord (NP)
    • SZCZ U
041 -Język dokumentu [0, ]
    • a
    • Język tekstu (P)
    • polski
    • h
    • Język tekstu oryginalnego i/lub pośredniego (P)
    • polski
942 -Rodzaj dokumentu [ , ]
    • c
    • Rodzaj dokumentu
    • Książka
245 -Strefa tytułu i oznaczenia odpowiedzialności [0, ]
    • a
    • Tytuł
    • Nauki pedagogiczne we współczesnej humnistyce / Find
    • c
    • Pozostałe elementy strefy tytułu i oznaczenia odpowiedzialności (NP)
    • pod red. Małgorzaty Prokosz.
260 -Strefa adresu wydawniczego [ , ]
    • a
    • Miejsce wydania (P)
    • Toruń :
    • b
    • Nazwa wydawcy (P)
    • A.Marszałek,
    • c
    • Data wydania (P)
    • 2002.
300 -Strefa opisu fizycznego [ , ]
    • a
    • Określenie formy książki i/lub objętość (NP)
    • 259 s. :
    • c
    • Format (NP)
    • 24 cm.
500 -Uwaga ogólna [ , ]
    • a
    • Uwaga ogólna (NP)
    • Bibliogr
080 -Uniwersalna Klasyfikacja Dziesiętna [ , ]
    • a
    • Symbol klasyfikacji
    • 37.01/.08(438)"1944/..."
980 -Symbol UKD [ , ]
    • a
    • UKD
    • 37.01/.08(438)"1944/..."
700 -Hasło dodatkowe - nazwa osobowa [ , ]
    • a
    • Nazwa osobowa (NP)
    • Prokosz Małgorzata Find
920 -ISBN [ , ]
    • a
    • ISBN
    • 83-7322-158-1 Find
Data inwentaryzacji Lokalizacja Status udost. Numer inwentarzowy Sygnatura
2003-05-27BG1Z.99927Z.99927